| 000 | 01085cam a22003135a 4500 | ||
|---|---|---|---|
| 001 | 013541495 | ||
| 003 | EG-ScBUE | ||
| 005 | 20221013095307.0 | ||
| 008 | 060823r20072005enka f b 001 0 eng d | ||
| 020 | _a9780500342299 | ||
| 040 |
_aStDuBDS _beng _erda _cStDuBDS _dUk _dEG-ScBUE |
||
| 082 | 0 | 4 |
_222 _a720.9 _bPRI |
| 100 | 1 |
_aPrina, Francesca, _eauthor. |
|
| 245 | 1 | 0 |
_a1000 years of world architecture : _ban illustrated guide / _cFrancesca Prina and Elena Demartini. |
| 246 | 3 | _aOne thousand years of world architecture | |
| 246 | 3 | _aThousand years of world architecture | |
| 250 | _aReprint edition. | ||
| 264 | 1 |
_aLondon : _bThames & Hudson, _c2007. |
|
| 300 |
_a429 pages : _billustrations (chiefly color) ; _c22 cm |
||
| 500 | _aReprinted of 2005 edition. | ||
| 504 | _aIncludes bibliographical references and index. | ||
| 650 | 7 |
_aArchitecture _xHistory. _2BUEsh |
|
| 650 | 7 |
_aArchitecture _xHistory _vPictorial works. _2BUEsh |
|
| 651 | _2BUEsh | ||
| 653 |
_bENGARC _cNovember2017 |
||
| 655 | _vReading book | ||
| 700 | 1 |
_aDemartini, Elena, _eauthor. |
|
| 942 |
_2ddc _cBB |
||
| 999 |
_c25671 _d25643 |
||